UITU Library & LRC     

WDM Technologies: optical Networks (Record no. 11813)

MARC details
000 -LEADER
fixed length control field 00476nam a2200181Ia 4500
008 - FIXED-LENGTH DATA ELEMENTS--GENERAL INFORMATION
fixed length control field 240925s9999 xx 000 0 und d
020 ## - INTERNATIONAL STANDARD BOOK NUMBER
International Standard Book Number 8181477189
082 ## - DEWEY DECIMAL CLASSIFICATION NUMBER
Classification number 621.3827 DUT
100 ## - MAIN ENTRY--PERSONAL NAME
Personal name Dutta ,Achyut K.
245 #0 - TITLE STATEMENT
Title WDM Technologies: optical Networks
250 ## - EDITION STATEMENT
Edition statement NA
260 ## - PUBLICATION, DISTRIBUTION, ETC.
Place of publication, distribution, etc. New Delhi:
Name of publisher, distributor, etc. Academic press
Date of publication, distribution, etc. ,2004.
300 ## - PHYSICAL DESCRIPTION
Extent xvii,653p.
Other physical details NA
Type of unit Photocopy
500 ## - GENERAL NOTE
General note Includes Index
600 ## - SUBJECT ADDED ENTRY--PERSONAL NAME
Personal name Electronic Engineering
650 ## - SUBJECT ADDED ENTRY--TOPICAL TERM
Topical term or geographic name entry element Technology
942 ## - ADDED ENTRY ELEMENTS (KOHA)
Koha item type Books
Holdings
Withdrawn status Lost status Damaged status Not for loan Collection Home library Current library Date acquired Source of acquisition Cost, normal purchase price Total checkouts Full call number Barcode Date last seen Price effective from Koha item type
        Electrical Engineering UITU Library UITU Library 10/16/2012 Royal Book Company 862.50   621.3827 DUT Q9314 09/25/2024 09/25/2024 Books

Powered by Koha